| 000 | 00000nam##2200000za#4500 |
| 001 | 9.697748 |
| 003 | CaOODSP |
| 005 | 20250506145324 |
| 007 | cr ||||||||||| |
| 008 | 150407|1979||||xxc|||||o f|0| 0 eng|d |
| 040 | |aCaOODSP|beng |
| 043 | |an-cn--- |
| 086 | 1 |aA73-1504/1979E-PDF |
| 110 | 1 |aCanada.|bAgriculture Canada. |
| 245 | 10|aFavorite recipes with rapeseed oil |h[electronic resource] |
| 260 | |aOttawa - Ontario : |bAgriculture Canada |cPrinted 1973, c1979. |
| 300 | |a24p.|billus., index |
| 500 | |aHistorical publication digitized by Agriculture and Agri-Food Canada. "A federal/provincial publication. Canada/Alberta"--p. 3 of 24. |
| 590 | |a13-17-Supp|b2013-07-25 |
| 690 | 07|aCooking|2gcpds |
| 690 | 07|aEdible oils and fats|2gcpds |
| 856 | 40|ahttp://publications.gc.ca|qPDF|s1.10 MB|uhttps://publications.gc.ca/collections/collection_2013/aac-aafc/agrhist/A73-1504-1979-eng.pdf |